000 00379nam a22001577a 4500
003 OSt
008 210223b ||||| |||| 00| 0 eng d
020 _a9788129124098
082 _a294.553 SIJ
100 _aSINGH, Khushwant
245 _aThe Japji and the Rehras
260 _aNew Delhi
_bRupa (Rainlight)
_c2013
300 _a77
650 _aGeneral Books
942 _2ddc
_cBK
999 _c10496
_d10496